| 000 | 00517nam a22001457a 4500 | ||
|---|---|---|---|
| 999 |
_c535643 _d535643 |
||
| 082 | _a621.3 | ||
| 100 | _aAsghar Abbas Razzaqi. | ||
| 245 |
_aMicrostrip Antenna array Design for Flying Ad-Hoc Networks (FANETS) / _cAsghar Abbas Razzaqi. |
||
| 260 |
_aIslamabad : _bPNEC - NUST, _c2015. |
||
| 300 |
_a72 p. : ill. ; _c30cm. |
||
| 942 |
_2ddc _cTHE |
||
| 650 |
_aElectrical Engineering - MS Theses. _926977 |
||
| 700 |
_aSup: Dr. Khawaja Bilal Ahmed Mahmood _930363 |
||